| 000 | 00505cam a2200169u 4500 | ||
|---|---|---|---|
| 082 |
_a620.1 _bGOO _cL-5, P-30 |
||
| 100 | 1 |
_aGoodman, John, _940639 |
|
| 245 | 1 | 0 | _aMechanics applied to engineering ... |
| 260 |
_aNew York, _aLondon, _bLongmans, Green and co., _c1941 |
||
| 300 |
_a472 p. _billus., diagrs. _c19 cm. |
||
| 500 | _aVol -2 | ||
| 526 |
_a0 _b0 _c0 _d620_100000000000000_GOO |
||
| 650 | 0 |
_aMCE _9379 |
|
| 650 | 0 | _aMechanical engineering. | |
| 650 | 0 |
_aMechanics, Applied. _913090 |
|
| 942 |
_2ddc _cBK |
||
| 999 |
_c544892 _d544892 |
||